Some aspects of the climate of Jordan. (Record no. 57117)
[ view plain ]
| 000 -LEADER | |
|---|---|
| fixed length control field | 00554cam3a220019300 4500 |
| 001 - CONTROL NUMBER | |
| control field | tmp15407739 |
| 003 - CONTROL NUMBER IDENTIFIER | |
| control field | UPRA |
| 005 - DATE AND TIME OF LATEST TRANSACTION | |
| control field | 20190815085830.0 |
| 008 - FIXED-LENGTH DATA ELEMENTS--GENERAL INFORMATION | |
| fixed length control field | 950808s1971 le eng u |
| 035 ## - SYSTEM CONTROL NUMBER | |
| System control number | (Sirsi) r31635 |
| 035 ## - SYSTEM CONTROL NUMBER | |
| System control number | (UPRA)tmp15407739 |
| 040 ## - CATALOGING SOURCE | |
| Transcribing agency | UPRA |
| 100 1# - MAIN ENTRY--PERSONAL NAME | |
| Personal name | Fayed, Yousseff A. |
| Linkage | A95805.1 |
| 245 10 - TITLE STATEMENT | |
| Title | Some aspects of the climate of Jordan. |
| 260 ## - PUBLICATION, DISTRIBUTION, ETC. | |
| Place of publication, distribution, etc. | Beirut : |
| Name of publisher, distributor, etc. | Arab University, |
| Date of publication, distribution, etc. | 1971. |
| 651 #0 - SUBJECT ADDED ENTRY--GEOGRAPHIC NAME | |
| Geographic name | Jordan -- Climate. |
| General subdivision | Jordan -- Climate. |
| Linkage | S69122.1 |
| 949 ## - LOCAL PROCESSING INFORMATION (OCLC) | |
| a | GB289 |
| w | lcc |
| i | -36140 |
| m | MAIN |
| t | BOOK |
| l | ON-SHELF |
No items available.